Těšínské Beskydy Beskid Cieszyński = The Tesin Beskydy /
| Korporativní autor: | SHOCart (firma) |
|---|---|
| Jazyk: | Slovenština Polština Čeština Angličtina |
| Vydáno: |
Třinec : Regionální rada rozvoje a spolupráce, 2010 |
| Témata: | |
| Fyzický popis: |
1 mapa : barev. ; 71 x 64 cm, složeno na 23 x 13 cm |
| Language note: |
Místní jména česky a část. polsky a slovensky, souběžný český, polský a anglický text |
| LEADER | 02413nem a2200565 a 4500 | ||
|---|---|---|---|
| 001 | nkc20122390760 | ||
| 003 | CZ PrNK | ||
| 005 | 20140909120420.0 | ||
| 007 | aj canzn | ||
| 008 | 120810s2010 xr ag a 0 cze | ||
| 015 | |a cnb002390760 | ||
| 020 | |a 978-80-260-6902-7 |q (v mapě neuvedeno) | ||
| 034 | 0 | |a a |d E0182543 |e E0185423 |f N0494900 |g N0492555 | |
| 040 | |a BOA001 |b cze |d ABA001 | ||
| 041 | 0 | |a cze |a eng |a pol |a slo | |
| 043 | |a e-pl--- |a e-xo--- |a e-xr--- |b e-xr-mr |b e-xr-sl |b e-xr-mo |2 czenas | ||
| 072 | 7 | |a 913(4) |x Geografie Evropy, reálie, cestování |2 Konspekt |9 7 | |
| 072 | 7 | |a 912 |x Mapy. Atlasy. Glóby |2 Konspekt |9 7 | |
| 080 | |a 796.5 |2 MRF | ||
| 080 | |a 913(437.32-18) |2 MRF | ||
| 080 | |a 913(437.33) |2 MRF | ||
| 080 | |a 913(437.6) |2 MRF | ||
| 080 | |a 913(438) |2 MRF | ||
| 080 | |a 913(437.326) |2 MRF | ||
| 080 | |a (234.372.4) |2 MRF | ||
| 080 | |a (084.3)796.5 |2 MRF | ||
| 110 | 2 | |a SHOCart (firma) |7 ko2001100207 | |
| 245 | 1 | 0 | |a Těšínské Beskydy |h [kartografický dokument] = |b Beskid Cieszyński = The Tesin Beskydy / |c zpracoval SHOCart |
| 246 | 3 | 1 | |a Beskid Cieszyński |
| 246 | 3 | 1 | |a Tesin Beskydy |
| 255 | |a Měřítko neuvedeno |c (018°25´43" v.d.--018°54´23" v.d./049°49´00" s.š.--049°25´55" s.š.) | ||
| 260 | |a Třinec : |b Regionální rada rozvoje a spolupráce, |c 2010 | ||
| 300 | |a 1 mapa : |b barev. ; |c 71 x 64 cm, složeno na 23 x 13 cm | ||
| 500 | |a Vydáno v rámci projektu INFOTUR 2 | ||
| 500 | |a Vlastivědný text na rubu | ||
| 546 | |a Místní jména česky a část. polsky a slovensky, souběžný český, polský a anglický text | ||
| 650 | 0 | 7 | |a turistika |7 ph116506 |z Česko |2 czenas |
| 650 | 0 | 7 | |a turistika |7 ph116506 |z Polsko |2 czenas |
| 650 | 0 | 7 | |a turistika |7 ph116506 |z Slovensko |2 czenas |
| 651 | 7 | |a Moravskoslezské Beskydy (Česko a Slovensko : pohoří) |7 ge134377 |2 czenas | |
| 651 | 7 | |a Slezské Beskydy (Česko a Polsko : pohoří) |7 ge131700 |2 czenas | |
| 651 | 7 | |a Český Těšín (Česko : oblast) |7 ge131717 |2 czenas | |
| 651 | 7 | |a Cieszyn (Polsko : oblast) |7 ge215893 |2 czenas | |
| 655 | 7 | |a turistické mapy |7 fd133737 |2 czenas | |
| 910 | 2 | |a BOA001 |b Mp2-1290.237 | |
| 990 | |a MP | ||
| 995 | |a 01 | ||
| 991 | |b 201208 |c NOV |e n | ||
| 996 | 6 | |b 2610519203 |c Mp2-1290.237 |l MZK |r Sklad / do 1 hodiny |n 0 |p p.v. |w 001273111 |u 000010 |a 1 |e BOA001 |j MZK50 |s P | |
| 996 | 7 | |b 2610519204 |c Mp2-1290.237 |l MZK |r Sklad / do 1 hodiny |n 0 |p p.v. |w 001273111 |u 000020 |a 1 |e BOA001 |j MZK50 |s A | |
English
Čeština 